|
|
|
|
| LEADER |
01000naa a2200265 c 4500 |
| 001 |
1550986708 |
| 003 |
DE-627 |
| 005 |
20161215090348.0 |
| 007 |
tu |
| 008 |
161215s2016 xx ||||| 00| ||ger c |
| 035 |
|
|
|a (DE-627)1550986708
|
| 035 |
|
|
|a (DE-576)480986703
|
| 035 |
|
|
|a (DE-599)BSZ480986703
|
| 040 |
|
|
|a DE-627
|b ger
|c DE-627
|e rda
|
| 041 |
|
|
|a ger
|
| 100 |
1 |
|
|a Gusy, Christoph
|d 1955-
|e verfasserin
|0 (DE-588)122574680
|0 (DE-627)082026831
|0 (DE-576)161244785
|4 aut
|
| 245 |
1 |
4 |
|a Die Weimarer Verfassung und das Grundgesetz
|c Christoph Gusy
|
| 264 |
|
1 |
|c 2016
|
| 336 |
|
|
|a Text
|b txt
|2 rdacontent
|
| 337 |
|
|
|a ohne Hilfsmittel zu benutzen
|b n
|2 rdamedia
|
| 338 |
|
|
|a Band
|b nc
|2 rdacarrier
|
| 773 |
0 |
8 |
|i Enthalten in
|a Weimar als Herausforderung (Veranstaltung : 2015 : Berlin)
|t Weimar als Herausforderung
|d Stuttgart : Franz Steiner Verlag, 2016
|g (2016), Seite 123-133
|h XVI, 310 Seiten
|w (DE-627)872191052
|w (DE-576)480039127
|z 9783515115919
|z 3515115919
|7 nnam
|
| 773 |
1 |
8 |
|g year:2016
|g pages:123-133
|
| 912 |
|
|
|a GBV_USEFLAG_U
|
| 912 |
|
|
|a GBV_ILN_21
|
| 912 |
|
|
|a ISIL_DE-46
|
| 912 |
|
|
|a SYSFLAG_1
|
| 912 |
|
|
|a GBV_KXP
|
| 912 |
|
|
|a GBV_ILN_11
|
| 912 |
|
|
|a GBV_ILN_20
|
| 912 |
|
|
|a GBV_ILN_22
|
| 912 |
|
|
|a GBV_ILN_24
|
| 912 |
|
|
|a GBV_ILN_31
|
| 912 |
|
|
|a GBV_ILN_39
|
| 912 |
|
|
|a GBV_ILN_40
|
| 912 |
|
|
|a GBV_ILN_60
|
| 912 |
|
|
|a GBV_ILN_61
|
| 912 |
|
|
|a GBV_ILN_62
|
| 912 |
|
|
|a GBV_ILN_65
|
| 912 |
|
|
|a GBV_ILN_70
|
| 912 |
|
|
|a GBV_ILN_72
|
| 912 |
|
|
|a GBV_ILN_100
|
| 912 |
|
|
|a GBV_ILN_120
|
| 912 |
|
|
|a GBV_ILN_121
|
| 912 |
|
|
|a GBV_ILN_130
|
| 912 |
|
|
|a GBV_ILN_147
|
| 912 |
|
|
|a GBV_ILN_176
|
| 912 |
|
|
|a GBV_ILN_227
|
| 912 |
|
|
|a GBV_ILN_350
|
| 912 |
|
|
|a GBV_ILN_636
|
| 912 |
|
|
|a GBV_ILN_697
|
| 912 |
|
|
|a GBV_ILN_737
|
| 912 |
|
|
|a GBV_ILN_2001
|
| 912 |
|
|
|a GBV_ILN_2005
|
| 912 |
|
|
|a GBV_ILN_2006
|
| 912 |
|
|
|a GBV_ILN_2007
|
| 912 |
|
|
|a GBV_ILN_2008
|
| 912 |
|
|
|a GBV_ILN_2009
|
| 912 |
|
|
|a GBV_ILN_2011
|
| 912 |
|
|
|a GBV_ILN_2016
|
| 912 |
|
|
|a GBV_ILN_2018
|
| 912 |
|
|
|a GBV_ILN_2023
|
| 912 |
|
|
|a GBV_ILN_2035
|
| 912 |
|
|
|a GBV_ILN_2039
|
| 912 |
|
|
|a GBV_ILN_2124
|
| 912 |
|
|
|a GBV_ILN_2156
|
| 912 |
|
|
|a GBV_ILN_2162
|
| 912 |
|
|
|a GBV_ILN_2168
|
| 912 |
|
|
|a GBV_ILN_2309
|
| 912 |
|
|
|a GBV_ILN_2518
|
| 912 |
|
|
|a GBV_ILN_2568
|
| 912 |
|
|
|a GBV_ILN_22
|
| 912 |
|
|
|a ISIL_DE-18
|
| 912 |
|
|
|a GBV_ILN_22_i30908
|
| 912 |
|
|
|a GBV_ILN_350
|
| 912 |
|
|
|a ISIL_DE-2795
|
| 912 |
|
|
|a GBV_ILN_350_
|
| 912 |
|
|
|a GBV_ILN_697
|
| 912 |
|
|
|a ISIL_DE-Y8
|
| 912 |
|
|
|a GBV_ILN_2023
|
| 912 |
|
|
|a ISIL_DE-Ka26
|
| 912 |
|
|
|a GBV_ILN_2035
|
| 912 |
|
|
|a ISIL_DE-Sp3
|
| 951 |
|
|
|a AR
|
| 952 |
|
|
|j 2016
|h 123-133
|
| 980 |
|
|
|2 21
|1 01
|x 0046
|b 3742431595
|y xza
|z 25-08-20
|
| 980 |
|
|
|2 22
|1 01
|x 0018
|b 3420943628
|y xi30908
|z 08-04-19
|
| 980 |
|
|
|2 350
|1 01
|x 8293
|b 3607079293
|c 00
|f LESESAAL
|d Cgc 100 -1
|e i
|j --%%--
|y z
|z 12-03-20
|
| 980 |
|
|
|2 697
|1 01
|x 4697
|b 3589875151
|y x
|z 07-02-20
|
| 980 |
|
|
|2 2023
|1 01
|x DE-Ka26
|b 2948367514
|c 00
|f --%%--
|d In: KA 1048
|e --%%--
|j --%%--
|y l01
|z 15-12-16
|
| 980 |
|
|
|2 2035
|1 01
|x DE-Sp3
|b 2999588348
|c 00
|f --%%--
|d 68 Db 3750
|e p
|j --%%--
|y l01
|z 19-02-18
|
| 983 |
|
|
|2 2023
|1 01
|x DE-Ka26
|8 00
|0 (DE-627)1295233045
|a KJB 7-6
|
| 983 |
|
|
|2 2023
|1 01
|x DE-Ka26
|8 01
|0 (DE-627)1294986678
|a KJB 7-8
|